Two by two / (Record no. 13696)
[ view plain ]
| 000 -LEADER | |
|---|---|
| fixed length control field | 01073cam a2200217 i 4500 |
| 020 ## - ISBN | |
| ISBN | 9781455520688 |
| 082 00 - DEWEY DECIMAL CLASSIFICATION NUMBER | |
| Classification number | Fic Sp263 2017 |
| 100 1# - MAIN ENTRY--PERSONAL NAME | |
| Personal name | Sparks, Nicholas. |
| 245 10 - TITLE STATEMENT | |
| Title | Two by two / |
| Statement of responsibility, etc. | by Nicholas Sparks. |
| 250 ## - EDITION STATEMENT | |
| Edition statement | First trade paperback edition. |
| 260 ## - PUBLICATION, DISTRIBUTION, ETC. (IMPRINT) | |
| Place of publication, distribution, etc. | New York : |
| Name of publisher, distributor, etc. | Grand Central Publishing, |
| Date of publication, distribution, etc. | c2017. |
| 300 ## - PHYSICAL DESCRIPTION | |
| Extent/Page number | 493 pages ; |
| Dimensions | 21 cm |
| 337 ## - MEDIA TYPE | |
| Media type term | unmediated |
| Media type code | n |
| 520 ## - SUMMARY, ETC. | |
| Summary, etc. | Russell Green has it all: a stunning wife, a lovable six year-old daughter, a successful career, and an expansive home. But underneath the surface of this perfect existence, fault lines are beginning to appear. In a matter of months, Russ finds himself without a job or wife. Throwing himself into the wilderness of single parenting, Russ embarks on a journey at once terrifying and rewarding, testing his abilities and his emotional resources beyond anything he ever imagined. |
| 526 ## - STUDY PROGRAM INFORMATION NOTE | |
| PROGRAM TYPE | FICTION |
| 650 #0 - SUBJECT ADDED ENTRY--TOPICAL TERM | |
| Topical term or geographic name as entry element | Single fathers--Fiction. |
| 650 #0 - SUBJECT ADDED ENTRY--TOPICAL TERM | |
| Topical term or geographic name as entry element | Fathers and daughters--Fiction. |
| 650 #7 - SUBJECT ADDED ENTRY--TOPICAL TERM | |
| Topical term or geographic name as entry element | Domestic fiction. |
| 650 #7 - SUBJECT ADDED ENTRY--TOPICAL TERM | |
| Topical term or geographic name as entry element | Romance fiction. |
| 942 ## - ADDED ENTRY ELEMENTS | |
| Classification | |
| Item type | Book |
| Withdrawn status | Lost status | Source of classification or shelving scheme | Damaged status | Not for loan | Collection code | Permanent Location | Current Location | Shelving location | Date acquired | Source of acquisition | Cost, normal purchase price | Inventory number | Full call number | Barcode | Date last seen | Copy number | Cost, replacement price | Price effective from | Item type |
|---|---|---|---|---|---|---|---|---|---|---|---|---|---|---|---|---|---|---|---|
| Fiction | High School Library | High School Library | Fiction | 2025-10-15 | Library Budget | 1063.00 | 8248 | Fic Sp263 2017 | HS8248 | 2026-01-13 | 1 | 2326.00 | 2025-10-15 | Book |